000 00964nac a22003017a 4500
001 BR7404068
003 BR-BrBNA
005 20240105113759.0
008 230509b bl.|||m| |||| 00| 0 por d
040 _aBR-BrBNA
_bpor
_cBiblioteca Nacional de Agricultura
072 _aL00
090 _a6100 BR7404068
100 1 _aCavalheiro, A.C.L.
100 1 _aOliveira, S.C.
100 1 _aTrindade, D.S.
100 1 _aLopez, J.
110 1 _aInstituto de Pesquisas Zootecnicas, Porto Alegre, RS (Brasil)
_96231
245 1 _aEstudo comparativo entre camas novas e usadas na criacao de frangos de corte
260 3 _aPorto Alegre, RS (Brasil):
_c1973.
300 _a13 p.
490 _aBoletim Tecnico - Instituto de Pesquisas Zootecnicas (Brazil)
_vno. 20
_x
500 _aSummary (En, Pt)
650 _aCAMA DE GALINHEIRO
650 _aFRANGO DE CORTE
650 _aCRIACAO
909 _a202312
_bLúcia Elande
_c55
_dLúcia Elande
942 _2AGRIS
_n0
_cMS
999 _c265528
_d265528